Statistics for Switzerland Multiple Choice

Click here to take the quiz!

General Stats

  • This quiz has been taken 130 times
  • The average score is 10 of 20

Answer Stats

QuestionAnswer% Correct
What was Switzerland's position during both World Wars?neutral
99%
Who is the most successful Swiss tennis player of all time?Roger Federer
85%
Which of the following companies is a Swiss one?all of them
82%
What is the top-level domain of Switzerland?.ch
81%
How many countries border Switzerland?5
71%
What is the most commonly spoken non-official language in Switzerland?English
66%
Which of the following statements is true?All of them
64%
Which famous village is situated on the foot of the Matterhorn?Zermatt
63%
What is the southernmost canton of Switzerland?Ticino
59%
Which of the following dishes does not necessarily require cheese?Rösti
54%
Who is the national personification of Switzerland?Helvetia
54%
Which of the following cities is located in Switzerland?Verbier
48%
Which of the following words is a common Swiss name?Beat
38%
The most successful Swiss ice hockey club hails from ... ?Davos
34%
What is the national airline of Switzerland?Swiss
30%
What is our relation towards the EU?We never held a EU membership referendum
27%
When did Switzerland get its independence?1648 (Peace of Westphalia)
26%
As of 2019, how many years have passed since the last war took place on Swiss ground?172 years
25%
What is the official capital of Switzerland?none
16%
Which of the following special records do we hold?Most-attended ice hockey league outside North America
4%

Score Distribution

Percentile by Number Answered

Percent of People with Each Score

Your Score History

You have not taken this quiz